| 000 | 00691nam a2200145 a 4500 | ||
|---|---|---|---|
| 008 | 071212s2006 ||||||||||||||||| || u | ||
| 050 | _aTHESIS/STUDENT | ||
| 100 | _aSeulu, Duncan Chikomba | ||
| 245 | 1 | 0 |
_aOptimization of leaching after the re-commissioning of the CCds at Nchnga Tailing leach Plant (TLP) _cThesis Supervised by Dr. Chileshe |
| 260 |
_aKitwe _bCopperbelt University, School of Technology,Mining Department _c2006 |
||
| 350 | _a0.00 | ||
| 650 | _aMINING | ||
| 650 | _aOPTIMISATION OF LEACHING--NCHANGA TAILING LEACH PLANT | ||
| 995 |
_D0.00 _FCBU-MAIN LIBRARY (Kitwe) _H1 _I0.00 _M1 _UAVAILABLE _WDec 12, 2007 _ZUniversity Collection |
||
| 999 |
_c52739 _d52739 |
||